000 00234nam a2200097Ia 4500
008 190216s9999||||xx |||||||||||||| ||und||
100 _aRanger Rashara
245 0 _aHindi-Danthi Mera Shar
260 _bHindi Sahithya Sadan
942 _cBK
999 _c17293
_d17293